[Event "Acropolis 2008"]
[Site "Athens"]
[Date "2008.08.15"]
[Round "7.38"]
[White "Grapsa, Georgia"]
[Black "Nathanail, Emanouel"]
[Result "1-0"]
[WhiteElo "2104"]
[BlackElo "2219"]
[PlyCount "87"]
[EventDate "2008.08.09"]

1. d4 e6 2. c4 f5 3. g3 Nf6 4. Bg2 Bb4+ 5. Bd2 Qe7 6. a3 Bxd2+ 7. Qxd2 O-O 8.
Nc3 d6 9. Nh3 c6 10. O-O e5 11. b4 e4 12. d5 Nbd7 13. Rfd1 c5 14. Nf4 b6 15.
Ne6 Rf7 16. f4 g6 17. Rab1 Nf8 18. bxc5 bxc5 19. Ng5 Rg7 20. e3 h6 21. Nh3 g5
22. Rb2 Ng6 23. Rdb1 gxf4 24. exf4 Kh7 25. Nd1 Ng4 26. Ne3 Nxe3 27. Qxe3 Qf6
28. Kf2 Ba6 29. Bf1 Qd4 30. Rd2 Qxe3+ 31. Kxe3 Rb7 32. Rdb2 Rxb2 33. Rxb2 Kg7
34. Nf2 h5 35. Nh3 h4 36. Ng5 Rh8 37. Ne6+ Kf6 38. Nc7 hxg3 39. hxg3 Bc8 40.
Nb5 Rh1 41. Be2 Ke7 42. Nxa7 Bd7 43. Nc6+ Bxc6 44. dxc6 1-0

[Event "Acropolis 2008"]
[Site "Athens"]
[Date "2008.08.15"]
[Round "7.39"]
[White "Skiadopoulos, Nikolaos"]
[Black "Petraki, Maria"]
[Result "1-0"]
[WhiteElo "2210"]
[BlackElo "2069"]
[PlyCount "75"]
[EventDate "2008.08.09"]

1. e4 c5 2. Nf3 d6 3. c3 Nf6 4. Be2 g6 5. O-O Bg7 6. e5 dxe5 7. Nxe5 O-O 8. d4
cxd4 9. cxd4 Nbd7 10. Nc3 Nb6 11. a4 Be6 12. h4 h5 13. Re1 Rc8 14. Bf3 Bg4 15.
Nxg4 Nxg4 16. Bxg4 hxg4 17. Qxg4 Rc4 18. h5 Rxd4 19. Qf3 Qd7 20. Be3 Rb4 21. a5
Nc4 22. Rad1 Nd6 23. Nd5 Re4 24. Nf6+ Bxf6 25. Qxe4 Qb5 26. Qd5 Qxd5 27. Rxd5
a6 28. Bd4 Bxd4 29. Rxd4 Nf5 30. Rd7 gxh5 31. Rxb7 Rc8 32. b4 Kg7 33. Rb6 Ra8
34. Rc1 Nd4 35. Rc5 Rd8 36. Rg5+ Kf8 37. Rxa6 Ne2+ 38. Kh2 1-0

[Event "Acropolis 2008"]
[Site "Athens"]
[Date "2008.08.15"]
[Round "7.41"]
[White "Manelidou, Maria"]
[Black "Pavlidou, Ekaterini"]
[Result "1/2-1/2"]
[WhiteElo "1975"]
[BlackElo "2034"]
[PlyCount "25"]
[EventDate "2008.08.09"]

1. e4 c5 2. Nf3 e6 3. c4 Nc6 4. Nc3 Nf6 5. Be2 d5 6. exd5 exd5 7. d4 Be6 8.
cxd5 Nxd5 9. Nxd5 Qxd5 10. Be3 cxd4 11. Nxd4 Bb4+ 12. Kf1 Nxd4 13. Qxd4 1/2-1/2

[Event "Acropolis 2008"]
[Site "Athens"]
[Date "2008.08.16"]
[Round "8.5"]
[White "Zhukova, Natalia"]
[Black "Kolev, Atanas"]
[Result "0-1"]
[WhiteElo "2489"]
[BlackElo "2565"]
[PlyCount "90"]
[EventDate "2008.08.09"]

1. d4 Nf6 2. Nf3 e6 3. c4 c5 4. d5 b5 5. Bg5 b4 6. e4 d6 7. Bd3 Be7 8. dxe6
Bxe6 9. Nbd2 Nc6 10. h3 O-O 11. Nf1 Nd7 12. Bxe7 Qxe7 13. Ne3 Qf6 14. Qd2 Nde5
15. Nxe5 dxe5 16. Nd5 Qd8 17. O-O Qd6 18. Qe3 Nd4 19. f4 Bxd5 20. exd5 exf4 21.
Qxf4 Qxf4 22. Rxf4 f5 23. Re1 g6 24. Re7 Rf7 25. Re5 Kf8 26. Rf1 Re8 27. Rxe8+
Kxe8 28. Re1+ Kd7 29. Kf2 a5 30. Kg3 Rf8 31. Kf4 h6 32. h4 Kd6 33. Bb1 a4 34.
Kg3 Ra8 35. Kf4 g5+ 36. hxg5 hxg5+ 37. Kg3 a3 38. b3 Rh8 39. Kf2 f4 40. Bd3 g4
41. Re4 g3+ 42. Kg1 f3 43. gxf3 Rh2 44. Rf4 Rxa2 45. Bf1 Rf2 0-1

[Event "Acropolis 2008"]
[Site "Athens"]
[Date "2008.08.16"]
[Round "8.6"]
[White "Maric, Alisa"]
[Black "Salgado Lopez, Ivan"]
[Result "1/2-1/2"]
[WhiteElo "2412"]
[BlackElo "2532"]
[PlyCount "211"]
[EventDate "2008.08.09"]

1. Nf3 d5 2. d4 Nf6 3. c4 e6 4. e3 a6 5. Nbd2 c5 6. cxd5 exd5 7. dxc5 Bxc5 8.
Be2 O-O 9. O-O Nc6 10. Nb3 Ba7 11. Bd2 Re8 12. Bc3 Ne4 13. Bd4 Bb8 14. Rc1 Qd6
15. Bc5 Nxc5 16. Rxc5 Be6 17. Rc3 Bg4 18. g3 Ba7 19. Re1 Bb6 20. Nfd4 Bd7 21.
Nxc6 bxc6 22. Qc2 Re5 23. Rc1 a5 24. Nc5 Be8 25. Bf1 h5 26. Qb3 Qd8 27. Qa4 Qe7
28. Bg2 Rb8 29. Qc2 g6 30. Rb3 Bc7 31. Nd3 Rxb3 32. Qxb3 Re6 33. Qb7 Qd6 34.
Qa7 Re7 35. Qd4 Bd7 36. Qc5 Qf6 37. Qc3 Qf5 38. Qa3 Qf6 39. Qc3 Qd6 40. Qc5 Be8
41. Qd4 Bb8 42. Qc3 Ra7 43. Nc5 Qe7 44. Nd3 Bd7 45. Nc5 Be5 46. Qd2 Be8 47. Qc2
Qf6 48. Nd3 Bd6 49. Qd2 h4 50. Qc3 Qxc3 51. Rxc3 hxg3 52. hxg3 a4 53. Kf1 Kf8
54. Ke2 f5 55. Bf3 Ke7 56. g4 Kf6 57. Rc1 Rh7 58. gxf5 Kxf5 59. Nc5 Rh4 60. a3
Be5 61. Rc2 g5 62. Kf1 Bf6 63. Nb7 Ke5 64. Na5 Kd6 65. Ke2 Rh7 66. b4 axb3 67.
Nxb3 Ra7 68. Ra2 Rb7 69. Nc1 c5 70. Rd2 Rb2 71. Rxb2 Bxb2 72. Kd2 Bxa3 73. Nd3
Bg6 74. Kc3 Bf5 75. Bh5 c4 76. Nb4 Ke5 77. f4+ gxf4 78. exf4+ Ke4 79. Nxd5 Kxd5
80. Bf7+ Ke4 81. Bxc4 Ke3 82. Bf7 Be7 83. Bg8 Bf6+ 84. Kc4 Bb1 85. Bd5 Be7 86.
Kb3 Bf5 87. Kc4 Bd3+ 88. Kc3 Bf6+ 89. Kb3 Kd2 90. Bc4 Bc2+ 91. Kb4 Ke3 92. Bb3
Be4 93. Be6 Kd4 94. f5 Bc2 95. Kb5 Be7 96. f6 Bxf6 97. Bf7 Bd3+ 98. Kc6 Be7 99.
Bd5 Ke5 100. Bg2 Bc2 101. Kd7 Bb4 102. Bf3 Bb3 103. Bg2 Kd4 104. Bf3 Bf8 105.
Bg2 Kc5 106. Bf3 1/2-1/2

[Event "Acropolis 2008"]
[Site "Athens"]
[Date "2008.08.16"]
[Round "8.8"]
[White "Mastrovasilis, Dimitrios"]
[Black "Managadze, Nikoloz"]
[Result "1/2-1/2"]
[WhiteElo "2563"]
[BlackElo "2444"]
[PlyCount "94"]
[EventDate "2008.08.09"]

1. e4 e5 2. Nf3 Nf6 3. Nxe5 d6 4. Nf3 Nxe4 5. Nc3 Nxc3 6. dxc3 Be7 7. Bf4 Nc6
8. Qd2 Be6 9. O-O-O Qd7 10. Kb1 O-O-O 11. Nd4 Nxd4 12. Qxd4 c5 13. Qe3 h6 14.
Be2 Rhe8 15. Rhe1 Bf8 16. Qd2 a6 17. a3 Kb8 18. Bf3 Qa4 19. Bg3 Ka7 20. Bd5
Bxd5 21. Qxd5 Rxe1 22. Rxe1 Re8 23. Rd1 Re2 24. b3 Qe4 25. Qxe4 Rxe4 26. Kc1
Re6 27. Rd5 g6 28. Kd2 Kb6 29. c4 Kc6 30. Rd3 f5 31. f3 Bg7 32. Bf4 h5 33. Be3
Be5 34. h3 Bg3 35. Kd1 Re8 36. a4 a5 37. Bd2 b6 38. Re3 Re5 39. Re2 Kd7 40. Bc3
Re6 41. Rxe6 Kxe6 42. Ke2 Be5 43. Be1 f4 44. Bh4 Bf6 45. Bf2 h4 46. Kd3 Kf5 47.
Be1 Ke5 1/2-1/2

[Event "Acropolis 2008"]
[Site "Athens"]
[Date "2008.08.16"]
[Round "8.10"]
[White "Mastrovasilis, Athanasios"]
[Black "Caselas Cabanas, Jacobo"]
[Result "1/2-1/2"]
[WhiteElo "2518"]
[BlackElo "2418"]
[PlyCount "82"]
[EventDate "2008.08.09"]

1. d4 e6 2. c4 d5 3. Nf3 c5 4. g3 Nc6 5. Bg2 Nf6 6. O-O Be7 7. dxc5 Bxc5 8. a3
a5 9. Nc3 O-O 10. Bf4 h6 11. Rc1 d4 12. Na4 Qe7 13. Ne5 Bd7 14. Nxc5 Qxc5 15.
e3 Rad8 16. exd4 Qxd4 17. Qe2 Qa7 18. Rfd1 Nxe5 19. Bxe5 Ba4 20. Rxd8 Rxd8 21.
Bxf6 gxf6 22. c5 Bc6 23. Qg4+ Kf8 24. Bxc6 bxc6 25. Qf3 Kg7 26. Qxc6 Rd2 27. b4
axb4 28. axb4 Qa3 29. Rb1 Rxf2 30. Kxf2 Qa2+ 31. Ke3 Qxb1 32. Qa4 Qe1+ 33. Kd3
Qf1+ 34. Ke3 Qe1+ 35. Kd3 Qf1+ 36. Kc2 Qe2+ 37. Kb1 Qe1+ 38. Kb2 Qd2+ 39. Kb1
Qe1+ 40. Kb2 Qd2+ 41. Ka1 Qc1+ 1/2-1/2

[Event "Acropolis 2008"]
[Site "Athens"]
[Date "2008.08.16"]
[Round "8.12"]
[White "Roy Chowdhury, Saptarshi"]
[Black "Karagiannis, Athanasios"]
[Result "1-0"]
[WhiteElo "2411"]
[BlackElo "2357"]
[PlyCount "81"]
[EventDate "2008.08.09"]

1. e4 c5 2. Nf3 a6 3. c3 e6 4. d4 d5 5. e5 Nc6 6. Be2 Bd7 7. O-O Nge7 8. Na3
cxd4 9. cxd4 Nf5 10. Nc2 Rc8 11. Bd2 Qb6 12. Bc3 Na7 13. g4 Nh6 14. h3 Bb5 15.
a4 Bxe2 16. Qxe2 Ng8 17. Nfe1 h5 18. f4 hxg4 19. hxg4 g6 20. Kg2 Ne7 21. Nd3
Nec6 22. Qd2 Rh4 23. Kg3 Rh8 24. Rh1 Rxh1 25. Rxh1 Qb3 26. Rh8 b6 27. f5 gxf5
28. a5 f4+ 29. Nxf4 bxa5 30. Nd3 Ne7 31. Nc5 Rxc5 32. dxc5 Ng6 33. Rg8 Nb5 34.
Nd4 Nxd4 35. Qxd4 Qb5 36. c6 Qf1 37. Bxa5 Ne7 38. c7 Qb5 39. Bb4 Qc6 40. Rxf8+
Kxf8 41. Qc5 1-0

[Event "Acropolis 2008"]
[Site "Athens"]
[Date "2008.08.16"]
[Round "8.13"]
[White "Astaneh Lopez, Alex"]
[Black "Rasmussen, Allan Stig"]
[Result "1/2-1/2"]
[WhiteElo "2357"]
[BlackElo "2519"]
[PlyCount "137"]
[EventDate "2008.08.09"]

1. e4 c6 2. c4 d5 3. exd5 cxd5 4. cxd5 Nf6 5. Nc3 Nxd5 6. Nf3 e6 7. d4 Be7 8.
Bd3 Nc6 9. O-O O-O 10. Re1 Nf6 11. a3 b6 12. Bf4 Bb7 13. Rc1 Rc8 14. Bb1 Re8
15. Qd3 g6 16. Ba2 Nh5 17. Qe3 Nxf4 18. Qxf4 Bd6 19. Qg4 h5 20. Qe4 Qd7 21. Qd3
Ne7 22. Ne4 Kg7 23. Rxc8 Rxc8 24. d5 Nf5 25. Rd1 Bb8 26. Nc3 e5 27. Ne4 f6 28.
Ng3 Nd6 29. Bb1 Qf7 30. Nh4 f5 31. Qe3 f4 32. Qxe5+ Qf6 33. Qxf6+ Kxf6 34. Ne4+
Nxe4 35. Bxe4 g5 36. Nf3 Rc4 37. Re1 Rc5 38. Nd2 Kf7 39. d6 Bxe4 40. Nxe4 Rd5
41. d7 Kg6 42. Nc3 Rxd7 43. Re8 Bd6 44. Kf1 Kf5 45. Ke2 Re7+ 46. Rxe7 Bxe7 47.
f3 Bf6 48. Kd3 g4 49. Nd1 b5 50. b3 Be7 51. Nc3 a6 52. a4 bxa4 53. bxa4 Bc5 54.
h3 gxh3 55. gxh3 Bb4 56. Ne4 a5 57. Kd4 Be1 58. Kd5 Bb4 59. h4 Be1 60. Nd6+ Kf6
61. Ke4 Bxh4 62. Kxf4 Bg5+ 63. Kg3 Ke6 64. Nb7 Bd2 65. f4 Kd5 66. Kh4 Bxf4 67.
Kxh5 Kc4 68. Nxa5+ Kb4 69. Nc4 1/2-1/2

[Event "Acropolis 2008"]
[Site "Athens"]
[Date "2008.08.16"]
[Round "8.16"]
[White "Atakisi, Umut"]
[Black "Secer, Ata"]
[Result "1/2-1/2"]
[WhiteElo "2388"]
[BlackElo "2320"]
[PlyCount "27"]
[EventDate "2008.08.09"]

1. e4 e5 2. Nf3 Nc6 3. Bb5 a6 4. Ba4 Nf6 5. O-O Bc5 6. d3 b5 7. Bb3 d6 8. a4
Rb8 9. h3 O-O 10. c3 b4 11. Nbd2 d5 12. Re1 bxc3 13. bxc3 dxe4 14. dxe4 1/2-1/2

[Event "Acropolis 2008"]
[Site "Athens"]
[Date "2008.08.16"]
[Round "8.17"]
[White "Aloma Vidal, Robert"]
[Black "Georgiou, Kostantinos"]
[Result "1/2-1/2"]
[WhiteElo "2388"]
[BlackElo "2236"]
[PlyCount "51"]
[EventDate "2008.08.09"]

1. d4 Nf6 2. c4 c5 3. d5 b5 4. cxb5 a6 5. Nc3 axb5 6. e4 b4 7. Nb5 d6 8. Bc4
Nbd7 9. Bf4 Nb6 10. b3 Nxe4 11. Qe2 g5 12. Be5 dxe5 13. Qxe4 Bg7 14. Nf3 f5 15.
Qe2 e4 16. Nxg5 Bxa1 17. Qh5+ Kd7 18. Nf7 Qg8 19. O-O Qg6 20. Qxg6 hxg6 21.
Rxa1 Nxc4 22. bxc4 Rg8 23. Ne5+ Kd8 24. Nc6+ Kd7 25. Ne5+ Kd8 26. Nc6+ 1/2-1/2

[Event "Acropolis 2008"]
[Site "Athens"]
[Date "2008.08.16"]
[Round "8.18"]
[White "Aggelis, Nikolaos"]
[Black "Grigoriadis, Alexandros"]
[Result "1/2-1/2"]
[WhiteElo "2271"]
[BlackElo "2417"]
[PlyCount "58"]
[EventDate "2008.08.09"]

1. Nf3 Nf6 2. g3 d5 3. Bg2 Bf5 4. O-O e6 5. d4 Be7 6. Nbd2 h6 7. c4 c6 8. b3
O-O 9. Bb2 Nbd7 10. Ne5 Nxe5 11. dxe5 Nd7 12. e4 dxe4 13. Nxe4 Nc5 14. Qe2 Nxe4
15. Bxe4 Bxe4 16. Qxe4 Qa5 17. Qc2 Rfd8 18. Rfd1 Rxd1+ 19. Rxd1 Rd8 20. Rxd8+
Qxd8 21. Bc3 h5 22. Qd2 Qxd2 23. Bxd2 Bc5 24. Kg2 Kh7 25. f4 g5 26. g4 gxf4 27.
Bxf4 Kg6 28. Kf3 Bg1 29. h3 c5 1/2-1/2

[Event "Acropolis 2008"]
[Site "Athens"]
[Date "2008.08.16"]
[Round "8.19"]
[White "Makropoulou, Marina"]
[Black "Georgiadis, Ioannis"]
[Result "1/2-1/2"]
[WhiteElo "2244"]
[BlackElo "2373"]
[PlyCount "54"]
[EventDate "2008.08.09"]

1. e4 c5 2. Nf3 d6 3. d4 cxd4 4. Nxd4 Nf6 5. Nc3 a6 6. Bg5 e6 7. f4 Qb6 8. Nb3
Nbd7 9. Bd3 Qc7 10. a4 Be7 11. Qf3 h6 12. Qh3 Nc5 13. Nxc5 Qxc5 14. Bh4 Qb4 15.
O-O Bd7 16. Kh1 Qxb2 17. Ne2 e5 18. f5 Qb6 19. Nc3 Bc6 20. a5 Qd8 21. Bf2 O-O
22. Bb6 Qc8 23. Rae1 Bd8 24. Be3 Nh7 25. Qh5 Nf6 26. Qh3 Nh7 27. Qh5 Nf6
1/2-1/2

[Event "Acropolis 2008"]
[Site "Athens"]
[Date "2008.08.16"]
[Round "8.20"]
[White "Sergeev, Aleksander"]
[Black "Fakhiridou, Ekaterini"]
[Result "1-0"]
[WhiteElo "2354"]
[BlackElo "2274"]
[PlyCount "143"]
[EventDate "2008.08.09"]

1. e4 c5 2. Nf3 e6 3. c3 d5 4. exd5 Qxd5 5. d4 Nf6 6. Be2 cxd4 7. cxd4 Bb4+ 8.
Nc3 O-O 9. O-O Bxc3 10. bxc3 Nc6 11. c4 Qd6 12. Qd3 Re8 13. Ba3 Qf4 14. Rfe1
Bd7 15. g3 Qh6 16. Nh4 g5 17. Nf3 g4 18. Ne5 Qg5 19. f4 gxf3 20. Bxf3 Red8 21.
Bc1 Qg7 22. Bf4 Be8 23. Nxc6 Bxc6 24. Be5 Qg5 25. h4 Qh6 26. Rf1 Nd7 27. Bf4
Qg7 28. d5 Ne5 29. Bxe5 Qxe5 30. Bg2 exd5 31. Rae1 Qd6 32. Qf5 Qxg3 33. Qxf7+
Kh8 34. Re7 Qg6 35. h5 Qxf7 36. Rfxf7 h6 37. Rh7+ Kg8 38. Reg7+ Kf8 39. Rc7 Kg8
40. Rcg7+ Kf8 41. Rc7 Kg8 42. Rxh6 dxc4 43. Bxc6 bxc6 44. Rhxc6 Rab8 45. Rxc4
Rb2 46. Rc8 Rb8 47. Rxb8 Rxb8 48. a4 Rb7 49. Kf2 Kg7 50. Rc6 Re7 51. Ra6 Kh7
52. Kf3 Kg7 53. Kf4 Kh7 54. Kf5 Rg7 55. Ra5 Kh6 56. Kf6 Rb7 57. Ke6 Rc7 58. Kd6
Rf7 59. Kc6 Re7 60. Rd5 Re4 61. a5 Rb4 62. Rb5 Rf4 63. Kb7 Rf7+ 64. Ka6 Re7 65.
Rd5 Rf7 66. Rb5 Re7 67. Rb7 Re6+ 68. Kxa7 Kxh5 69. Rb5+ Kg4 70. a6 Rh6 71. Kb7
Rh7+ 72. Kb6 1-0

[Event "Acropolis 2008"]
[Site "Athens"]
[Date "2008.08.16"]
[Round "8.21"]
[White "Sandalakis, Angelos"]
[Black "Pavlidis, Antonios"]
[Result "1/2-1/2"]
[WhiteElo "2341"]
[BlackElo "2266"]
[PlyCount "44"]
[EventDate "2008.08.09"]

1. d4 Nf6 2. Nf3 g6 3. Bg5 Bg7 4. c3 d5 5. Nbd2 O-O 6. e3 Nbd7 7. Be2 Re8 8.
Bh4 e5 9. O-O c6 10. b4 Qb6 11. Qb3 a5 12. a3 Qc7 13. c4 exd4 14. Nxd4 Ne5 15.
cxd5 Nxd5 16. Rac1 Qb6 17. b5 a4 18. Qa2 Qa5 19. Ne4 Bd7 20. Nd6 Nc3 21. Qc2
Nxe2+ 22. Qxe2 cxb5 1/2-1/2

[Event "Acropolis 2008"]
[Site "Athens"]
[Date "2008.08.16"]
[Round "8.24"]
[White "Kourousis, Epaminondas"]
[Black "Stefanopoulos, Orestis"]
[Result "1-0"]
[WhiteElo "2221"]
[BlackElo "2279"]
[PlyCount "95"]
[EventDate "2008.08.09"]

1. Nf3 Nf6 2. c4 c5 3. g3 d5 4. cxd5 Nxd5 5. Bg2 Nc6 6. Nc3 Nc7 7. O-O e5 8. d3
Be7 9. Be3 O-O 10. Na4 b6 11. Rc1 Nd5 12. b4 Nxe3 13. fxe3 e4 14. b5 exf3 15.
Bxf3 Bg5 16. Bxc6 Bh3 17. Rf3 Rc8 18. Nc3 Bg4 19. Qf1 Bxf3 20. Qxf3 Qf6 21. Nd5
Qxf3 22. exf3 f5 23. f4 Bd8 24. e4 Kh8 25. e5 Rf7 26. Kf2 g6 27. Kf3 Be7 28. a4
Bd8 29. h3 Rg7 30. g4 h6 31. Rg1 Rb8 32. Rg2 Kh7 33. e6 fxg4+ 34. hxg4 Kg8 35.
f5 gxf5 36. gxf5 Rxg2 37. Kxg2 Kf8 38. Kf3 Bg5 39. Ke4 Bh4 40. f6 Bxf6 41. Nxf6
Kg7 42. e7 Kxf6 43. e8=Q Rxe8+ 44. Bxe8 Ke6 45. Bh5 Kd6 46. Bg4 c4 47. d4 c3
48. Kd3 1-0

[Event "Acropolis 2008"]
[Site "Athens"]
[Date "2008.08.16"]
[Round "8.25"]
[White "Klokas, Konstantinos"]
[Black "Simeonidis, Ioannis"]
[Result "1/2-1/2"]
[WhiteElo "2167"]
[BlackElo "2275"]
[PlyCount "54"]
[EventDate "2008.08.09"]

1. e4 c5 2. Nf3 e6 3. c3 d5 4. exd5 exd5 5. d4 a6 6. Qe2+ Be7 7. dxc5 Nf6 8.
Be3 O-O 9. Qc2 Qc7 10. b4 a5 11. Nbd2 Nc6 12. b5 Ne5 13. Nxe5 Qxe5 14. Nf3 Qc7
15. b6 Qd8 16. Bd3 Be6 17. Nd4 Bd7 18. Nf5 Bxf5 19. Bxf5 g6 20. Bh3 Ne4 21. O-O
Bxc5 22. Bxc5 Nxc5 23. Rab1 Qd6 24. Rfd1 Rfd8 25. Rd4 Ne6 26. Bxe6 fxe6 27. c4
Rac8 1/2-1/2

[Event "Acropolis 2008"]
[Site "Athens"]
[Date "2008.08.16"]
[Round "8.29"]
[White "Pountzas, Hrisanthos"]
[Black "Galopoulos, Nikolaos"]
[Result "0-1"]
[WhiteElo "2202"]
[BlackElo "2270"]
[PlyCount "56"]
[EventDate "2008.08.09"]

1. c4 Nf6 2. Nc3 c5 3. g3 d5 4. cxd5 Nxd5 5. Bg2 Nc7 6. Nf3 Nc6 7. a3 e5 8. b4
Be6 9. Rb1 cxb4 10. axb4 f6 11. Qa4 a6 12. O-O Be7 13. d4 exd4 14. Rd1 Bd7 15.
Ne4 Nxb4 16. Qa1 d3 17. exd3 O-O 18. d4 Ncd5 19. Ba3 a5 20. Rbc1 b6 21. Qb1 Rc8
22. Rxc8 Bxc8 23. Rc1 Bf5 24. Nfd2 Qd7 25. Qb3 Be6 26. Qb1 Rc8 27. Nc4 Qa4 28.
Bb2 Na2 0-1

[Event "Acropolis 2008"]
[Site "Athens"]
[Date "2008.08.16"]
[Round "8.30"]
[White "Pavlidis, Anastasios"]
[Black "Angelis, Mihail"]
[Result "1-0"]
[WhiteElo "2270"]
[BlackElo "2224"]
[PlyCount "69"]
[EventDate "2008.08.09"]

1. e4 c6 2. d4 d5 3. Nd2 dxe4 4. Nxe4 Bf5 5. Ng3 Bg6 6. h4 h6 7. Nf3 Nd7 8. h5
Bh7 9. Bd3 Bxd3 10. Qxd3 e6 11. Bf4 Ngf6 12. O-O-O Nd5 13. Bd2 Nb4 14. Bxb4
Bxb4 15. c4 b5 16. c5 Ba5 17. Ne4 Bc7 18. Qe3 Qb8 19. Ne5 Nxe5 20. dxe5 Bxe5
21. Nd6+ Bxd6 22. Rxd6 O-O 23. g4 Rd8 24. Rhd1 Rxd6 25. Rxd6 Qc7 26. Qd2 Rc8
27. f4 Qe7 28. g5 e5 29. gxh6 gxh6 30. Qe3 Re8 31. Rxh6 Kg7 32. f5 e4 33. f6+
Qxf6 34. Rxf6 Kxf6 35. Qd4+ 1-0

[Event "Acropolis 2008"]
[Site "Athens"]
[Date "2008.08.16"]
[Round "8.31"]
[White "Sarandos, Vasilios"]
[Black "Kostopoulos, Evangellos"]
[Result "0-1"]
[WhiteElo "2259"]
[BlackElo "2150"]
[PlyCount "82"]
[EventDate "2008.08.09"]

1. d4 d5 2. Nf3 Nf6 3. c4 e6 4. Nc3 c6 5. Bg5 h6 6. Bxf6 Qxf6 7. e3 g6 8. Qc2
Nd7 9. a3 Bg7 10. cxd5 exd5 11. Bd3 O-O 12. O-O Qe7 13. b4 a6 14. Na4 Qd6 15.
Nc5 b6 16. Nxd7 Bxd7 17. Rab1 Rfb8 18. a4 a5 19. b5 c5 20. dxc5 bxc5 21. Rfd1
Qe7 22. Qd2 Be6 23. e4 c4 24. exd5 Bxd5 25. Re1 Qb7 26. Be2 c3 27. Qc2 Re8 28.
Rbd1 Rad8 29. Bf1 Bxf3 30. gxf3 Qxf3 31. Rd3 Qg4+ 32. Rg3 Qxg3+ 33. hxg3 Rxe1
34. b6 Rdd1 35. b7 Rxf1+ 36. Kg2 Rg1+ 37. Kh2 Rh1+ 38. Kg2 Rdg1+ 39. Kf3 Rb1
40. Qe4 Kh7 41. Kf4 Rhd1 0-1

[Event "Acropolis 2008"]
[Site "Athens"]
[Date "2008.08.16"]
[Round "8.32"]
[White "Papadopoulou, Vera"]
[Black "Burtasova, Anna"]
[Result "1-0"]
[WhiteElo "2210"]
[BlackElo "2329"]
[PlyCount "71"]
[EventDate "2008.08.09"]

1. d4 Nf6 2. c4 c5 3. d5 b5 4. Nd2 bxc4 5. e4 c3 6. bxc3 g6 7. Bc4 d6 8. Ngf3
Nbd7 9. O-O Bg7 10. h3 O-O 11. Rb1 Qa5 12. Qc2 Nb6 13. Bb5 Bd7 14. c4 Na4 15.
Rb3 Bxb5 16. Rxb5 Qa6 17. Nb3 Nb6 18. Na5 Ne8 19. Bd2 Nc7 20. Rbb1 e6 21. Rfe1
Rae8 22. Rbc1 f5 23. exf5 Rxf5 24. dxe6 Nxe6 25. Qe4 Nd7 26. Qb7 Qxb7 27. Nxb7
Rxf3 28. gxf3 Ne5 29. Re3 Nd4 30. Kg2 Bh6 31. Rxe5 Rxe5 32. Bxh6 g5 33. h4 gxh4
34. Be3 h3+ 35. Kxh3 Nxf3 36. Kg3 1-0

[Event "Acropolis 2008"]
[Site "Athens"]
[Date "2008.08.16"]
[Round "8.33"]
[White "Skiadopoulos, Nikolaos"]
[Black "Gazis, Efstathios"]
[Result "1/2-1/2"]
[WhiteElo "2210"]
[BlackElo "2308"]
[PlyCount "104"]
[EventDate "2008.08.09"]

1. e4 c5 2. Nf3 d6 3. c3 Nf6 4. Be2 g6 5. O-O Bg7 6. Re1 O-O 7. Bf1 Bg4 8. h3
Bxf3 9. Qxf3 Nc6 10. Na3 Nd7 11. Nc2 Rb8 12. a4 a6 13. Qd1 b5 14. axb5 axb5 15.
d4 b4 16. Be3 Qc7 17. Qd2 Na5 18. Ra4 Nb3 19. Qd1 Nb6 20. Ra6 cxd4 21. Nxd4 Nc5
22. Nb5 Qc8 23. Ra7 bxc3 24. bxc3 Rb7 25. Ra3 Qe6 26. Nd4 Qc8 27. f3 d5 28. Nb3
Nca4 29. Ba6 Nxc3 30. Qc2 Nc4 31. Bxc4 dxc4 32. Na5 Nb5 33. Ra4 Rc7 34. Bb6
Bd4+ 35. Bxd4 Nxd4 36. Qc3 Qd7 37. Rxc4 Rxc4 38. Nxc4 Rc8 39. Qd3 Qa7 40. Kh1
Ne6 41. Ne3 Qa5 42. Rd1 Qg5 43. Nd5 Kf8 44. Qd2 Qxd2 45. Rxd2 g5 46. g3 f6 47.
Kg2 Ra8 48. f4 Ra4 49. Kf3 gxf4 50. gxf4 Kf7 51. h4 Ra3+ 52. Ne3 Nf8 1/2-1/2

[Event "Acropolis 2008"]
[Site "Athens"]
[Date "2008.08.16"]
[Round "8.34"]
[White "Galopoulos, Panagiotis"]
[Black "Kanakaris, Georgios"]
[Result "0-1"]
[WhiteElo "2200"]
[BlackElo "2284"]
[PlyCount "60"]
[EventDate "2008.08.09"]

1. e4 e6 2. b3 d5 3. Bb2 Nf6 4. exd5 exd5 5. Nf3 Bd6 6. Be2 O-O 7. O-O Bf5 8.
Nd4 Bd7 9. c4 c5 10. Nb5 Bxb5 11. cxb5 d4 12. Na3 Nbd7 13. Nc4 Ne5 14. Nxd6
Qxd6 15. f4 Ned7 16. Bd3 Nd5 17. Qf3 Rae8 18. g4 Re7 19. Qh3 g6 20. Qh6 N7f6
21. g5 Nh5 22. f5 Ndf4 23. Bc4 Re5 24. Rf3 Rxf5 25. Raf1 Qe5 26. h4 Ng3 27. Re3
Qc7 28. Rfe1 Nh3+ 29. Kg2 Rf2+ 30. Kxh3 Ne4 0-1

[Event "Acropolis 2008"]
[Site "Athens"]
[Date "2008.08.16"]
[Round "8.35"]
[White "Margaritis, Fotios"]
[Black "Grapsa, Georgia"]
[Result "0-1"]
[WhiteElo "2220"]
[BlackElo "2104"]
[PlyCount "118"]
[EventDate "2008.08.09"]

1. e4 c5 2. Nc3 d6 3. Bc4 e6 4. d3 Nf6 5. f4 Be7 6. Nf3 a6 7. Bb3 Nc6 8. O-O
O-O 9. Qe1 Na5 10. Qg3 Nxb3 11. axb3 d5 12. e5 Ne8 13. h4 f5 14. h5 d4 15. Ne2
h6 16. Bd2 b5 17. Kh2 Nc7 18. Rg1 Bd7 19. Qh3 Qe8 20. g4 fxg4 21. Qxg4 Qf7 22.
Rg2 Kh8 23. Rag1 Rg8 24. Ng3 Nd5 25. Ne4 Be8 26. Nh4 Bxh4 27. Qxh4 Qxh5 28.
Qxh5 Bxh5 29. Nxc5 Bf7 30. b4 Ne7 31. Ra1 Rgc8 32. Ra5 Rc6 33. Rg1 Nd5 34. Rga1
Nc7 35. Kg3 Bg6 36. Be1 Bf5 37. Bf2 Rd8 38. b3 Nd5 39. Be1 Nc7 40. R1a2 Rc8 41.
Kf3 Kg8 42. Ke2 Bg4+ 43. Kd2 Nd5 44. Nxa6 Nc3 45. Nc5 Nxa2 46. Rxa2 Rf8 47. Ra5
Rxf4 48. Rxb5 Bf3 49. Rb8+ Kf7 50. Rb7+ Kg6 51. Re7 Bd5 52. Ke2 h5 53. Bg3 Rg4
54. Bf2 h4 55. Re8 h3 56. Rh8 Bg2 57. Kd2 Kf7 58. Ne4 Bxe4 59. dxe4 Rg2 0-1

[Event "Acropolis 2008"]
[Site "Athens"]
[Date "2008.08.16"]
[Round "8.37"]
[White "Kordis, Konstantinos"]
[Black "Stefanidi, Maria-Anna"]
[Result "0-1"]
[WhiteElo "2216"]
[BlackElo "2095"]
[PlyCount "94"]
[EventDate "2008.08.09"]

1. e4 c5 2. Nf3 d6 3. d4 cxd4 4. Nxd4 Nf6 5. Nc3 g6 6. Be3 Bg7 7. f3 O-O 8. Qd2
Nc6 9. Bc4 Bd7 10. O-O-O Rc8 11. Bb3 Ne5 12. h4 h5 13. Bg5 Nc4 14. Bxc4 Rxc4
15. Nde2 Qa5 16. Bh6 Rfc8 17. Bxg7 Kxg7 18. Kb1 Be6 19. Nd4 Nd7 20. Nb3 Qc7 21.
g4 Nf6 22. Nb5 Qb6 23. N5d4 Bd7 24. Rc1 a5 25. Qe3 Qc7 26. Nd2 Rc5 27. N2b3 Rc4
28. Nd2 Rc5 29. c4 hxg4 30. f4 a4 31. f5 Rh8 32. Ne2 d5 33. e5 Bxf5+ 34. Ka1
Ne4 35. cxd5 Rxc1+ 36. Rxc1 Qxe5 37. Nc3 Qg3 38. Qd4+ Nf6 39. Qxa4 Rxh4 40. Qb4
Qe3 41. Nb3 Rh2 42. d6 exd6 43. Qxd6 Qf2 44. Nd1 Qh4 45. Nd4 Rh1 46. Nxf5+ gxf5
47. Rc8 g3 0-1

[Event "Acropolis 2008"]
[Site "Athens"]
[Date "2008.08.16"]
[Round "8.39"]
[White "Makka, Evanthia"]
[Black "Iordanidou, Zoi"]
[Result "1/2-1/2"]
[WhiteElo "2099"]
[BlackElo "2060"]
[PlyCount "86"]
[EventDate "2008.08.09"]

1. e4 d5 2. exd5 Qxd5 3. Nc3 Qa5 4. Bc4 Nf6 5. d3 c6 6. Bd2 Qc7 7. Qe2 Bf5 8.
h3 Bg6 9. O-O-O Nbd7 10. Nf3 O-O-O 11. Nh4 e6 12. Nxg6 hxg6 13. Kb1 Kb8 14. Bg5
Ka8 15. Ne4 Rb8 16. d4 Nd5 17. Qd2 Qb6 18. Bf4 Rd8 19. Bd6 N7f6 20. Nxf6 Bxd6
21. Nxd5 cxd5 22. Bb3 Rc8 23. c3 Qc6 24. Qe2 b5 25. Rc1 Rc7 26. Qf3 Rhc8 27. a3
a5 28. Qe3 Qb7 29. Ba2 a4 30. Ka1 Rc6 31. Bb1 Qc7 32. Rcd1 Qe7 33. Qe2 Rb6 34.
Rc1 Qb7 35. Qd3 Rb8 36. Rc2 Qa7 37. Re2 Rc6 38. Rc2 Kb7 39. Qxb5+ Kc7 40. Qd3
Rb3 41. Ba2 Kd8 42. Qd2 Rcb6 43. Rhc1 Rb8 1/2-1/2